02041nam a22002657a 450000500170000000800410001702000180005802000180007604000290009404100130012308200120013610000230014824201950017124501900036626001130055630000630066949000380073250007590077050501100152950600210163954600310166065000330169170000290172470000220175320211214151417.0201107s19261932enk |||f||||| 001 0 mul d a9780674991699 a9780674992931 cSandra YazodSandra Yazo0 aengagre04220a2701 aEusebio de Cesarea00aEusebio de Cesarea.bHistoria Eclesiástica.cTraducción al inglés por Kirsopp Lake ; Traducida al inglés por J. E. L. Oulton, a partir de la edición publicada con H. J. Lawloryspa10aEusebius.bThe Ecclesiastical History.cWith an english translation by Kirsopp Lake ; With an english translation by J. E. L. Oulton. Taken from the edition published with H. J. Lawlor  aLondon [Londres] (Inglaterra)bHarvard University Press [Imprenta de la Universidad de Harvard]c1932 - 1951 a2 volúmenes (lvi, 525 ; vii, 491 páginas)c16 x 11 cm. aLoeb classical Libraryv153 ; 265 aDetalles físicos: Encuadernación rígida. Cartón duro forrado en tela. Lomo con adornos en dorado. En la tapa delantera anagrama en dorado. Cubierta de papel verde con solapa, que incluye datos de autor y de la obra. Guardas. Hoja de cortesía. Anteportada. Portada impresa en una sola tinta; información sobre la obra dentro de un recuadro. Pequeño grabado con el emblema de la Colección (Palas Athenea); en el círculo, la inscripción “Loeb Classical Library”. Texto muy bien impreso en una sola columna: el texto griego, con párrafos numerados, ocupa la página derecha; la traducción inglesa correspondiente a la página de la izquierda. Notas de pie de página. Incluye índice. Hojas de cortesía posteriores y guardas0 aHistoria Eclesiástica: V.1: Introducción ; Libros I al V ; V.2: Prefacio ; Libros VI al X ; Índice. aConsulta en sala aTexto en inglés y griego 7aIglesia CatólicaxHistoria14aKirsopp Lake etraductor14aOulton, J. E. L.